|
|
|
|
| LEADER |
00000nam a22000007a 4500 |
| 005 |
20140430162428.0 |
| 007 |
cr|||| |||| |
| 008 |
140430c20039999sp |||| s|||| 0|||b1spa d |
| 022 |
|
|
|a 2254-3805
|
| 035 |
|
|
|a 11844
|
| 040 |
|
|
|a vLex
|
| 090 |
|
|
|c 4859
|d 4859
|
| 245 |
0 |
0 |
|a Revista Jurd̕ica de Castilla y Len̤
|h [Recurso electrn̤ico]
|
| 256 |
|
|
|a Servicio en ln̕ea
|
| 260 |
|
|
|a Valladolid :
|b Junta de Castilla y Len̤,
|c 2003 -
|
| 300 |
|
|
|a 1 recurso electrn̤ico
|
| 310 |
|
|
|a Cuatrimestral
|
| 506 |
1 |
|
|a Contenidos solo disponible en los productos indicados
|d vLex Global
|d vLex Global (Academic Edition, excluding Law Schools)
|d vLex Global (U.S. Academic Edition, Law Schools)
|d vLex Global (U.S. Academic Edition, excluding Law Schools)
|d vLex Global (Academic Edition, Law Schools)
|
| 650 |
0 |
4 |
|a Jurisprudencia
|v Revistas
|z Espaą
|
| 740 |
0 |
|
|a vLex Revistas (Servicio en ln̕ea)
|
| 856 |
4 |
0 |
|u http://vlex.com/source/revista-juridica-castilla-leon-11844/
|z Acceso restringido
|
| 942 |
|
|
|c REV
|
| 999 |
0 |
|
|a Jurisprudence
|